Komentár k zákonu o účtovníctve

Komentár k novelizácii zákona o účtovníctve.

Enregistré dans:
Détails bibliographiques
Auteur principal: Kaletová, Viera
Format: Chapitre de livre
Langue:slovaque
Sujets:
Tags: Ajouter un tag
Pas de tags, Soyez le premier à ajouter un tag!

MARC

LEADER 00000naa$a2200000$$$4500
001 0074797
005 20231114100105.1
041 0 |a slo 
044 |a SK 
245 1 0 |a Komentár k zákonu o účtovníctve  |c Viera Kaletová 
520 |a Komentár k novelizácii zákona o účtovníctve. 
610 2 0 |a účtovníctvo 
610 2 0 |a zákony 
610 2 0 |a novelizácia 
610 2 0 |a komentáre 
100 1 |a Kaletová, Viera